La mythologie primitive: le monde mythique des australiens et des papous

Saved in:
Bibliografiske detaljer
Hovedforfatter: Lévy-Bruhl, Lucien (Author)
Format: Bog
Sprog:fransk
Udgivet: París Universitaires de France 1963
Serier:Bibliothèque de Philosophie Contemporaine
Fag:
Tags: Tilføj Tag
Ingen Tags, Vær først til at tagge denne postø!

MARC

LEADER 00000nam a2200000 a 4500
001 UCZ5397
003 CL-VaPUC
008 951117e19630000FR |||||||||||||||||fre|d
082 0 4 |a 291.13  |b LEV  |2 21 
100 |a Lévy-Bruhl, Lucien  |e author  |9 395600 
245 1 3 |a La mythologie primitive: le monde mythique des australiens et des papous 
300 |a 335 p 
942 |c BK 
945 |d 19951117 00:00:00  |a lriquelm 
260 |a París  |b Universitaires de France  |c 1963 
650 0 |a Mitología   |9 255719 
650 7 |a RELIGIONES PRIMITIVAS  |2 CL-VaPUC  |9 349358 
650 0 |a Religión   |9 255164 
650 0 |a Creencia Religiosa  |9 316904 
650 7 |a LEYENDAS  |2 CL-VaPUC  |9 265258 
583 |a last modification  |c 19951117 00:00:00  |k Rodrigo Vera 
490 0 |a Bibliothèque de Philosophie Contemporaine 
999 |c 241715  |d 241713 
952 |0 0  |1 0  |4 0  |6 291_130000000000000_LEV_1963  |7 0  |8 P  |9 254148  |a BIBEDU  |b BIBEDU  |c BIBEDU_PB  |d 2019-11-19  |i 1575368  |o 291.13 LEV 1963  |p 1575368  |r 2024-01-25  |w 2019-11-19  |y BK  |k FIL